Doris Day Movies A-Z Quiz Stats

 Plays Quiz not verified by Sporcle

Score 0/21 Timer 04:00
1 Play Today
Movie Answer % Correct
The Man Who ________ Too MuchKnew
92.9%
Young at ________Heart
90.6%
Move ________, DarlingOver
90.3%
The Thrill of ________ AllIt
88.6%
________ TalkPillow
86.3%
Send Me ________ FlowersNo
85.7%
________ JaneCalamity
84%
The Pajama ________Game
81.4%
The ________ Point StoryWest
76.3%
Please Don't Eat the ________Daisies
74.3%
________'s PetTeacher
70.9%
Movie Answer % Correct
That Touch of ________Mink
62.3%
Lullaby of ________Broadway
60.9%
With Six You Get ________Eggroll
57.1%
My Dream is ________Yours
53.7%
Midnight ________Lace
32.6%
________ on the High SeasRomance
32.3%
________ WarningStorm
32.3%
________ in ParisApril
31.4%
The Ballad of ________Josie
28.3%
It's a Great ________Feeling
23.7%

You're not logged in!

Compare scores with friends on all Sporcle quizzes.
OR
Log In

Show Comments

Extras

Top Quizzes Today


Score Distribution

Your Account Isn't Verified!

In order to create a playlist on Sporcle, you need to verify the email address you used during registration. Go to your Sporcle Settings to finish the process.

Report this User

Report this user for behavior that violates our Community Guidelines.

Details: